| 000 | 00573nam a2200145Ia 4500 | ||
|---|---|---|---|
| 008 | 170221s9999 xx 000 0 und d | ||
| 100 | _aSafaa Ibrahim Mahmood Al-Nuaimi | ||
| 245 | 4 | _aThe Link between Information Technology, Activity-based Costing Implementation and Organizational Performance | |
| 245 | _cSafaa Ibrahim Mahmood Al-Nuaimi, Rapiah Mohamed, Jamal Mohammed Esmail Alekam | ||
| 260 | _bInternational Review of Management and Marketing | ||
| 260 | _c2017 | ||
| 300 | _a7 : 1 | ||
| 650 | _xMarketing. | ||
| 856 | _uhttp://www.econjournals.com/index.php/irmm | ||
| 999 |
_c308056 _d308056 |
||